000 00668nam a2200181Ia 4500
008 090124s9999 xx 000 0 und d
082 _b2259
_a787
100 _aसाने गं.रा. (गंगाधर रामचंद्र)
245 _a अलौकिक आत्मयज्ञ
250 _a1
260 _c1923
300 _a58
600 _aसाने गं.रा. (गंगाधर रामचंद्र)
630 _a अलौकिक आत्मयज्ञ
700 _aसाने गं.रा. (गंगाधर रामचंद्र)
730 _a अलौकिक आत्मयज्ञ
942 _cBOOK
999 _c116205
_d116205